| 000 | 00510nam a22001697a 4500 | ||
|---|---|---|---|
| 999 |
_c40958 _d40958 |
||
| 003 | OSt | ||
| 005 | 20210224110317.0 | ||
| 008 | 210224b ||||| |||| 00| 0 eng d | ||
| 020 | _a9788174822154 | ||
| 040 | _coclc | ||
| 082 |
_a370.78 _bDAR/U |
||
| 100 |
_98416 _aDarpan, Pratiyogita |
||
| 245 |
_aUGC NET/JRF/SET Teaching & Research Aptitude / _cPratiyogita Darpan |
||
| 260 |
_aAgra: _bUpakar Prakashan, _c2018. |
||
| 300 | _a320p | ||
| 942 |
_2ddc _cBK _h370.78 _iDAR/U _k370.78 _mDAR/U |
||